MARC

LEADER 00000nas a2200000 a 4500
001 ssj0058594
003 WaSeSS
005 20200512172242.0
006 m d
007 cr n
008 071205c19929999qeatr pss glw 0 a0eng c
010 |a  2008228633 
022 |a 1839-4205  |y 1038-3441 
035 |a (WaSeSS)ssj0058594 
040 |a OCLCS  |b eng  |e pn  |c OCLCS  |d OCLCS  |d DOS  |d OCLCQ  |d OCLCO  |d OCLCQ  |d OCLCF  |d OCLCO  |d OCLCQ  |d DLC  |d CLL  |d ZSL  |d MUQ  |d GAO  |d NLE  |d UUM  |d VT2  |d WaSeSS 
042 |a pcc 
043 |a u-at--- 
050 0 0 |a K7 
082 0 4 |a 348.94/05  |a 349.40805  |2 20 
245 0 0 |a Griffith law review  |h [electronic resource] /  |c Griffith University, Griffith Law Review Association. 
246 1 3 |a GLR 
246 1 3 |a Griffith L. Rev 
260 |a [Nathan, Qld.] :  |b Griffith Law Review Association,  |c 1992- 
310 |a Three issues a year,  |b 2009- 
321 |a Semiannual,  |b 1992-2008 
362 1 |a Began with Vol. 1, issue 1 (1992). 
506 |a License restrictions may limit access. 
538 |a Mode of access: World Wide Web. 
550 |a Vols. for <2007-> issued by: Socio-Legal Research Centre, Griffith Law, Griffith University. 
588 |a Description based on: Vol. 1, issue 1 (1992); title from table of contents page (Hein Online, viewed Apr. 21, 2008). 
588 |a Latest issue consulted: Vol. 26, issue 3 (2017) (Taylor & Francis Online, viewed Sept. 8, 2018). 
650 0 |a Law  |z Australia  |v Periodicals. 
650 0 |a Law reviews  |z Australia. 
650 7 |a Law.  |2 fast  |0 (OCoLC)fst00993678 
650 7 |a Law reviews.  |2 fast  |0 (OCoLC)fst00994120 
650 6 |a Droit  |z Australie  |v Périodiques. 
650 6 |a Revues de droit  |z Australie. 
651 7 |a Australia.  |2 fast  |0 (OCoLC)fst01204543 
655 0 |a Electronic journals. 
710 2 |a Griffith Law Review Association. 
710 2 |a Griffith University.  |b Law School. 
710 2 |a Griffith University.  |b Socio-Legal Research Centre. 
776 0 8 |i Also issued in print:  |t Griffith law review  |x 1038-3441  |w (DLC) 94648184  |w (OCoLC)27109917 
850 |a DLC 
856 4 0 |z Full text available from Research Library: 01/01/2005 to 07/31/2013  |u https://search.proquest.com/publication/47030